<?xml version="1.0" encoding="UTF-8"?>
<record
    xmlns:xsi="http://www.w3.org/2001/XMLSchema-instance"
    xsi:schemaLocation="http://www.loc.gov/MARC21/slim http://www.loc.gov/standards/marcxml/schema/MARC21slim.xsd"
    xmlns="http://www.loc.gov/MARC21/slim">

  <leader>04095njm a2200517Ia 4500</leader>
  <controlfield tag="001">25686</controlfield>
  <controlfield tag="003">IT-RoPAU</controlfield>
  <controlfield tag="005">20220918181122.0</controlfield>
  <controlfield tag="008">131025s9999    xx            000 0 und d</controlfield>
  <datafield tag="040" ind1=" " ind2=" ">
    <subfield code="a">IT-RoPAU</subfield>
  </datafield>
  <datafield tag="040" ind1=" " ind2=" ">
    <subfield code="c">IT-RoPAU</subfield>
  </datafield>
  <datafield tag="999" ind1=" " ind2=" ">
    <subfield code="c">99881</subfield>
    <subfield code="d">99881</subfield>
  </datafield>
  <datafield tag="999" ind1=" " ind2=" ">
    <subfield code="b">n.d.</subfield>
  </datafield>
  <datafield tag="100" ind1=" " ind2=" ">
    <subfield code="a">AA.VV.</subfield>
    <subfield code="9">794</subfield>
  </datafield>
  <datafield tag="100" ind1=" " ind2=" ">
    <subfield code="e">Autore musica</subfield>
    <subfield code="9">13624</subfield>
  </datafield>
  <datafield tag="100" ind1=" " ind2=" ">
    <subfield code="g">Codice autore musica SPICS: 12000</subfield>
    <subfield code="9">796</subfield>
  </datafield>
  <datafield tag="245" ind1=" " ind2=" ">
    <subfield code="a">Blues</subfield>
  </datafield>
  <datafield tag="250" ind1=" " ind2=" ">
    <subfield code="a">2a ed.</subfield>
  </datafield>
  <datafield tag="260" ind1=" " ind2=" ">
    <subfield code="a">MILANO</subfield>
  </datafield>
  <datafield tag="260" ind1=" " ind2=" ">
    <subfield code="b">MUSICA JAZZ</subfield>
    <subfield code="c">1983 [1a Ed.:]</subfield>
  </datafield>
  <datafield tag="300" ind1=" " ind2=" ">
    <subfield code="a">DISCO</subfield>
  </datafield>
  <datafield tag="300" ind1=" " ind2=" ">
    <subfield code="c">43 minuti (Testo:  pag.)</subfield>
  </datafield>
  <datafield tag="500" ind1=" " ind2=" ">
    <subfield code="a">Disco fuori commercio allegato al n. 2 '83 di "Musica jazz". Questo album &#xE8; stato realizzato appositamente per i lettori di "Musica jazz" con alcune incisioni particolarmente significative tratte dai dischi della collana "Blues &#xE8; bello" realizzata dalla Fonit Cetra. Le esecuzioni qui raccolte offrono un panorama molto ampio del blues dal suo periodo classico (nella seconda met&#xE0; degli anni venti) agli anni settanta. Le incisioni che si succedono in ordine cronologico presentano dodici fra i pi&#xF9; famosi blue-singers dell'ultimo mezzo secolo</subfield>
  </datafield>
  <datafield tag="505" ind1=" " ind2=" ">
    <subfield code="a">Jack &#xF2; Diamonds Blues [(Chicago, aprile 1926) (Jefferson Blind Lemon) (3:00)] - Black Eye Blues [(Chicago, settembre 1928) (Rainey Gertrude Ma) (4:00)] - Fogyism [(Chicago, luglio 1928) (Cox Ida) (3:00)] - Back Home Again [(New York, 1962) (Williams Big Joe) (4:00)] - The Dyin' Crapshooter's Blues [(Atlanta, Autunno 1956) (McTell Blind Willie) (5:00)] - Black Ghost Blues [(New York, 1965) (Hopkins Lightnin') (4:00)] - Born To Live the Blues [(San Francisco, dicembre 1961) (McGhee Brownie) (4:00)] - Tupelo Blues [(Detroit, aprile 1959) (Hooker John Lee) (4:00)] - Must Have Been the Devil (Chicago, febbraio 1965) (Spann Otis) (3:00)] - It's a Lonesome Old World [(Los Angeles, 8 luglio 1963) (Witherspoon Jimmy) (4:00)] - Angel of mercy (Memphis, 1972) (King Albert) (5:00)] - Tell me Where To Scratch [(Berkeley, 7 agosto 1973) (Williams Big Joe) (4:00)]</subfield>
  </datafield>
  <datafield tag="511" ind1=" " ind2=" ">
    <subfield code="a">Jefferson Blind Lemon: voce, chit</subfield>
  </datafield>
  <datafield tag="511" ind1=" " ind2=" ">
    <subfield code="a">Rainey Ma: voce; Dorse Tom: p; Red Tampa: chit</subfield>
  </datafield>
  <datafield tag="511" ind1=" " ind2=" ">
    <subfield code="a">Cox Ida: voce; Nelson Dave: tr; Wingfield B.T.: tr; Crump Jesse: p</subfield>
  </datafield>
  <datafield tag="511" ind1=" " ind2=" ">
    <subfield code="a">Williams Big Joe: voce, chit; Dixon Willie: commenti parlati</subfield>
  </datafield>
  <datafield tag="511" ind1=" " ind2=" ">
    <subfield code="a">Mctell Blind Willie: voce, chit</subfield>
  </datafield>
  <datafield tag="511" ind1=" " ind2=" ">
    <subfield code="a">Hopkins Lightnin': voce, chit; Gaskin Leonard: cb; Lovelle Herbie: batt</subfield>
  </datafield>
  <datafield tag="511" ind1=" " ind2=" ">
    <subfield code="a">McGhee Brownie: voce, chit: Terry Sonny:arm</subfield>
  </datafield>
  <datafield tag="511" ind1=" " ind2=" ">
    <subfield code="a">Hooker John Lee: voce, chit</subfield>
  </datafield>
  <datafield tag="511" ind1=" " ind2=" ">
    <subfield code="a">Spann Otis: voce, p; Cotton James: arm; Waters Muddy: chit; Madison James: chit; Rector Milton: cb; Leary S.P.: batt</subfield>
  </datafield>
  <datafield tag="511" ind1=" " ind2=" ">
    <subfield code="a">Witherspoon Jimmy: voce; Brayant Bobby: tr; Allen Jimmy: ten; Freeman Ernie: p; Mitchell Herman: chit; Bond Jimmy: cb Miller Jimmy: batt</subfield>
  </datafield>
  <datafield tag="511" ind1=" " ind2=" ">
    <subfield code="a">King Albert: voce, chit; Jones Allen: arr; Bush Henry: arr; The Bar-Kays: ritmi; The Memphis Horn: fiati</subfield>
  </datafield>
  <datafield tag="511" ind1=" " ind2=" ">
    <subfield code="a">Williams Joe: voce; Adderley Nat: tr; Adderley Cannonball: alto; Duke George: p; Booker Walter: cb; McCurdy Roy: batt; Errison King: conga</subfield>
  </datafield>
  <datafield tag="650" ind1=" " ind2=" ">
    <subfield code="a">JAZZ [DISCHI]</subfield>
    <subfield code="e">Codice MATERIA SPICS: 9950</subfield>
    <subfield code="9">13625</subfield>
  </datafield>
  <datafield tag="700" ind1=" " ind2=" ">
    <subfield code="a">Anonimo</subfield>
    <subfield code="d">Codice autore musica SPICS:  2620</subfield>
    <subfield code="e">Autore musica</subfield>
    <subfield code="p">Jack &#xF2; Diamonds Blues - Black Eye Blues - Fogyism - Back Home Again - The Dyin' Crapshooter's Blues - It's a Lonesome Old World</subfield>
    <subfield code="9">13626</subfield>
  </datafield>
  <datafield tag="700" ind1=" " ind2=" ">
    <subfield code="a">Hopkins Lightnin'</subfield>
    <subfield code="d">Codice autore musica SPICS: 16306</subfield>
    <subfield code="e">Autore musica</subfield>
    <subfield code="p">Black Ghost Blues</subfield>
    <subfield code="9">13627</subfield>
  </datafield>
  <datafield tag="700" ind1=" " ind2=" ">
    <subfield code="a">McGhee Brownie</subfield>
    <subfield code="d">Codice autore musica SPICS: 16309</subfield>
    <subfield code="e">Autore musica</subfield>
    <subfield code="p">Born To Live the Blues</subfield>
    <subfield code="9">13628</subfield>
  </datafield>
  <datafield tag="700" ind1=" " ind2=" ">
    <subfield code="a">Hooker John Lee</subfield>
    <subfield code="d">Codice autore musica SPICS: 16311</subfield>
    <subfield code="e">Autore musica</subfield>
    <subfield code="p">Tupelo Blues</subfield>
    <subfield code="9">13629</subfield>
  </datafield>
  <datafield tag="700" ind1=" " ind2=" ">
    <subfield code="a">Spann Otis</subfield>
    <subfield code="d">Codice autore musica SPICS: 16312</subfield>
    <subfield code="e">Autore musica</subfield>
    <subfield code="p">Must Have Been the Devil</subfield>
    <subfield code="9">13630</subfield>
  </datafield>
  <datafield tag="700" ind1=" " ind2=" ">
    <subfield code="a">Banks Billy</subfield>
    <subfield code="d">Codice autore musica SPICS: 16349</subfield>
    <subfield code="e">Autore musica</subfield>
    <subfield code="p">Angel of Mercy</subfield>
    <subfield code="9">13631</subfield>
  </datafield>
  <datafield tag="700" ind1=" " ind2=" ">
    <subfield code="a">Jackson</subfield>
    <subfield code="d">Codice autore SPICS: 20240</subfield>
    <subfield code="e">Autore</subfield>
    <subfield code="p">Angel of Mercy</subfield>
    <subfield code="9">13632</subfield>
  </datafield>
  <datafield tag="700" ind1=" " ind2=" ">
    <subfield code="a">Williams Big Joe</subfield>
    <subfield code="d">Codice autore musica SPICS: 16304</subfield>
    <subfield code="e">Autore musica</subfield>
    <subfield code="p">Tell me Where To Scratch</subfield>
    <subfield code="9">13633</subfield>
  </datafield>
  <datafield tag="942" ind1=" " ind2=" ">
    <subfield code="c">MD</subfield>
    <subfield code="2">ddc</subfield>
  </datafield>
  <datafield tag="952" ind1=" " ind2=" ">
    <subfield code="0">0</subfield>
    <subfield code="1">0</subfield>
    <subfield code="4">0</subfield>
    <subfield code="6">25686_000000000000000</subfield>
    <subfield code="7">1</subfield>
    <subfield code="a">SPICS</subfield>
    <subfield code="b">SPICS</subfield>
    <subfield code="d">2013-10-25</subfield>
    <subfield code="l">0</subfield>
    <subfield code="o">25686</subfield>
    <subfield code="r">2013-10-25 00:00:00</subfield>
    <subfield code="w">2013-10-25</subfield>
    <subfield code="y">MD</subfield>
    <subfield code="z">Progr. Ins.: 5560 / N.Vol.: 1 / Copie: 1 - Copia rara: n.d. / date import: 01.01.2014 - By Epidotti, Trombetti, Vaglietti</subfield>
  </datafield>
</record>
